| Tag |
First Indicator |
Second Indicator |
Subfields |
| LEADER |
00000cam a2200000 4500 |
| 001 |
in00000042787 |
| 005 |
20151007064847.0 |
| 008 |
770808s1973 rur b 00000 rusr |
| 010 |
|
|
|a 74352451
|
| 035 |
|
|
|a (OCoLC)03171914
|
| 035 |
|
|
|9 AAE0776AM
|
| 040 |
|
|
|a DLC
|c TJC
|d TXA
|d UtOrBLW
|
| 049 |
|
|
|a TXAM
|c [1102063]
|
| 050 |
0 |
0 |
|a PG507
|b .R6
|
| 245 |
0 |
0 |
|a Romantizm v slavianskikh literaturakh. :
|b [Sbornik statei /
|c Red. kollegiia: prof. V. I. Kuleshov i dr.].
|
| 264 |
|
1 |
|a Moskva :
|b Izd-vo Mosk. un-ta,
|c 1973.
|
| 300 |
|
|
|a 372 pages ;
|c 20 cm.
|
| 336 |
|
|
|a text
|b txt
|2 rdacontent
|
| 337 |
|
|
|a unmediated
|b n
|2 rdamedia
|
| 338 |
|
|
|a volume
|b nc
|2 rdacarrier
|
| 500 |
|
|
|a In Cyrillic characters.
|
| 500 |
|
|
|a Added title page: Romanantyzm w literaturach sowianskich.
|
| 500 |
|
|
|a On leaf preceding title page: K VII Mezhdunarodnomu sezdu slavistov. Varshava, avgust 1973 g. Moskovskii universitet. Varshavskii universitet.
|
| 504 |
|
|
|a Includes bibliographical references.
|
| 650 |
|
0 |
|a Slavic literature.
|
| 650 |
|
0 |
|a Romanticism.
|
| 700 |
1 |
|
|a Kuleshov, V. I.
|q (Vasiliĭ Ivanovich)
|
| 710 |
2 |
|
|a Moskovskiĭ gosudarstvennyĭ universitet im. M.V. Lomonosova.
|
| 710 |
2 |
|
|a Uniwersytet Warszawski.
|
| 711 |
2 |
|
|a International Congress of Slavists
|n (7th :
|d 1973 :
|c Warsaw)
|
| 740 |
0 |
|
|a Romantyzm w literaturach sowianskich.
|
| 999 |
|
|
|a MARS
|
| 999 |
f |
f |
|s ff095fdc-0da1-34d3-ba5f-711118a6b4fb
|i 82ffd08a-9241-3060-856c-5140f9f23b69
|t 0
|
| 952 |
f |
f |
|p ric
|a Texas A&M University
|b Rellis Campus
|c Joint Library Facility
|d Remote Storage
|t 0
|e PG507 .R6
|h Library of Congress classification
|i unmediated -- volume
|m A14825113817
|
| 998 |
f |
f |
|a PG507 .R6
|t 0
|l Remote Storage
|